000 00294nam a22001337a 4500
008 170526b xxu||||| |||| 00| 0 eng d
020 _a01321310999
041 _aeng
080 _a62
100 _a25
101 _aIM
245 _aDIGITAL MOS INTEGRATED CIRCUITS
_cWANG, N
942 _2udc
_cBK
999 _c14363
_d14363